Responses for show #573 - Wednesday, February 18, 1987

1987 Teen Tournament quarterfinal game 3.

Contestants

[<< previous game]

Cres Formey, a junior at Windsor Forest High School from Savannah, Georgia

Sara Stanchina, a freshman at Lionville Junior High School from Downington, Pennsylvania

Salil Kumar, a senior at Isidore Newman High School from Harahan Louisiana

[next game >>]

Jeopardy! Round responses

POP SINGERS
RELIGION
METALS
ICE CREAM
GEOGRAPHY
DIRTY WORDS
    $100 9
Eddy

Salil
    $100 20
sin

Sara
    $100 28
[The end of the round signals.]

Oreos

Salil
    $100 7
Sahara

Cres
    $100 25
mud

Salil
    $200 18
Jackson

Cres
    $200 21
(Sara: What are services?)
(Alex: Noooo. Be more specific.)
(Sara: Uh, masses to God?)
...
(Alex: We've got a minute to go, select.)

baptisms

Sara
Triple Stumper
    $200 10
cone

Cres
    $200 1
(Salil: What is East Germany?)

the Netherlands

Salil
Triple Stumper
    $200 24
pig sty

Cres
    $300 8
Elton John

Cres
    $300 22
sheep (male sheep, a ram)

Salil
    $300 17
lead

Cres
    $300 15
egg

Salil
    $300 2
(Salil: What is Tahiti?)

Guam

Salil
Triple Stumper
    $300 6
Slime

Salil
    $400 12
Amnesty International

Salil
    $400 23
librarians

Cres
    $400 16
mercury

Triple Stumper
    $400 13
freezing

Salil
    $300 4
(1 of) Allegheny (or Monongahela)

Salil
    $400 3
soot

Salil
    $500 11
Stephen Stills & Neil Young

Triple Stumper
    $500 27
(Sara: What is Jerusalem?)

Mecca

SaraCres
    $500 26
aluminum

Salil
    $500 19
Häagen-Dazs & Frusen Glädjé

Sara
    $500 5
(Sara: What is Chile?)

Peru

SalilSara
    $500 14
filthy

Salil

Scores at the first commercial break (after clue 10):

Salil Sara Cres
$1,100 -$500 $600

Scores at the end of the Jeopardy! Round:

Salil Sara Cres
$3,700 -$600 $2,200

Double Jeopardy! Round responses

ZOOLOGY
AMERICAN INDIANS
WINTER SPORTS
MACHINES
FACTS & FIGURES
POE-ETRY
    $200 11
pouch

Cres
    $200 1
Pacific Northwest

Salil
    $200 4
2

Salil
    $200 7
8

Salil
    $200 3
world's oldest man

Salil
    $200 8
dead

Salil
    $400 5
alligator

Triple Stumper
    $200 6
(Salil: What is...oil?)

gold

Salil
    $400 24
jumping

Triple Stumper
    $400 15
washing machine

Cres
    $400 9
Back to the Future

Salil
    $400 2
(Cres: What is his wife?)

mother-in-law

Cres
Triple Stumper
    $600 12
wolf

Salil
    $600 13
Apache

Triple Stumper
    $600 25
disqualify you

Salil
    $600 18
sewing machine

Cres
    $600 10
(Salil: What is Massachusetts?)

California

SalilSara
    $600 14
(Sara: What is "The Raven?")

bells

Sara
Triple Stumper
    $800 16
2

Cres
    $800 27
Peggy Fleming

Salil
    $800 19
odometer

Salil
    $800 20
(Salil: Who is Fernando Lamas?)

Joe Franklin

Salil
Triple Stumper
    $800 22
"The Raven"

Salil
    $1000 17
(Salil: What is a reptile?)

squid

Salil
Triple Stumper
    $1000 29
[The end of the round signals.]

Cherokee

Cres
    $600 28
(Salil: What is "Skating in the Park?")

"The Skater's Waltz"

Salil
    $1000 26
(Alex: Back to you Salil, with a minute to go.)

collator

Triple Stumper
    $1000 21
(Alex: I have a feeling that we should have saved these 2 clues for our Seniors Tournament that's going to be coming up in a couple of months.)

30

Triple Stumper
    $1000 23
(Salil: What is the The Fall of the [*]?)

House of Usher

Salil

Scores at the end of the Double Jeopardy! Round:

Salil Sara Cres
$6,500 -$600 $4,800

Final Jeopardy! Round responses

HISTORY
CresWhat is the Statue of Liberty?
$100
SalilWhat is the Statue of Liberty?
$701
Statue of Liberty

Final scores:

Salil Sara Cres
$7,201 -$600 $4,900
Automatic semifinalist 3rd place: $1,000 if eliminated 2nd place: $1,000 if eliminated

Game dynamics:

Coryat scores:

Salil Sara Cres
$7,400 -$600 $4,800
25 R
(including 1 DD),
7 W
(including 2 DDs)
3 R,
4 W
13 R,
1 W

Combined Coryat: $11,600

The J! Archive is created by fans, for fans. The Jeopardy! game show and all elements thereof, including but not limited to copyright and trademark thereto, are the property of Jeopardy Productions, Inc. and are protected under law. This website is not affiliated with, sponsored by, or operated by Jeopardy Productions, Inc. Join the discussion at JBoard.tv.